MARC

LEADER 00000nam0a2200000 4500
001 117088
005 20231031123538.0
010 |a 5217004754 
020 |a RU  |b 89-68477 
035 |a (RuTPU)RU\TPU\book\126715 
090 |a 117088 
100 |a 20070530d1989 m y0rusy5003 ca 
101 0 |a rus 
102 |a RU 
105 |a a z 001zy 
200 1 |a Газовые опоры турбомашин  |f Г. А. Лучин, Ю. В. Пешти, А. И. Снопов 
210 |a Москва  |c Машиностроение  |d 1989 
215 |a 240 с.  |c ил. 
320 |a Библиогр.: с. 238-239. 
610 1 |a турбомашины 
610 1 |a газовые опоры 
610 1 |a подшипники с газовой смазкой 
610 1 |a расчеты 
610 1 |a газостатические опоры 
610 1 |a роторы 
610 1 |a устойчивость 
610 1 |a изготовление 
675 |a 62-135  |v 3 
700 1 |a Лучин  |b Г. А.  |g Геннадий Александрович  |4 070 
701 1 |a Пешти  |b Ю. В.  |g Юлий Викторович 
701 1 |a Снопов  |b А. И.  |g Александр Иванович 
801 0 |a RU  |b RuMRKP  |c 19950417  |g psbo 
801 1 |a RU  |b 63413507  |c 20070530  |g PSBO 
801 2 |a RU  |b 63413507  |c 20120808  |g PSBO 
942 |c BK